000
00297nam a2200121Ia 4500
005
20251222144801.0
008
251222s9999||||xx |||||||||||||| ||spa||
082
_a
658.11/W42
100
_a
Weinberger VillarĂ¡n, Karen
245
0
_a
Plan de Negocios:
264
_b
Nathan Associates
942
_c
LIB
999
_c
19742
_d
19742